|
003 -Nazwa inst., której nr kontr. jest w polu 001 [,]
|
-
- @
- Nazwa instytucji, której n kontrolny jest w polu 001
- NUKAT
|
|
005 -DATA I CZAS OSTATNIEJ MODYFIKACJI [,]
|
-
- @
- pole kontrolne
- 20241231095907.0
|
|
020 -Międzynarod. znormalizowany nr książki - ISBN [ , ]
|
-
- a
- Numer ISBN
- 9788381070034
|
|
040 -Instytucja sporządzająca opis [ , ]
|
-
- a
- Instytucja, która sporządziła opis (NP)
- KR 306/LS
-
- c
- Instytucja, która sporządziła rekord (NP)
- KR 306/LS
-
- d
- Instytucja, która zmodyfikowała rekord (P)
- KR 306/LSs
-
- d
- Instytucja, która zmodyfikowała rekord (P)
- KR 306/AP
-
- d
- Instytucja, która zmodyfikowała rekord (P)
- KR 306/LS
-
- d
- Instytucja, która zmodyfikowała rekord (P)
- WR U/ass
|
|
942 -Rodzaj dokumentu [ , ]
|
-
- c
- Rodzaj dokumentu
- Książka
|
|
245 -Strefa tytułu i oznaczenia odpowiedzialności [1,0]
|
-
- a
- Tytuł
- Prawo prywatne międzynarodowe :
-
- b
- Ciąg dalszy tytułu (NP)
- komentarz /
-
- c
- Pozostałe elementy strefy tytułu i oznaczenia odpowiedzialności (NP)
- redakcja naukowa Jerzy Poczobut ; Paweł Błaszczyk, Bogusława Gnela, Piotr Mostowik, Aurelia Nowicka, Adam Opalski, Jadwiga Pazdan, Krzysztof Pietrzykowski, Mateusz Pilich, Jerzy Poczobut, Nikodem Rycko, Maciej Tomaszewski, Andrzej W. Wiśniewski.
|
|
250 -Strefa wydania [ , ]
|
-
- a
- Oznaczenie wydania (NP)
- Stan prawny na 31 stycznia 2017 r.
|
|
260 -Strefa adresu wydawniczego [ , ]
|
-
- a
- Miejsce wydania (P)
- Warszawa :
-
- b
- Nazwa wydawcy (P)
- Wolters Kluwer Polska,
-
|
|
700 -Hasło dodatkowe - nazwa osobowa [1, ]
|
-
- a
- Nazwa osobowa (NP)
- Poczobut, Jerzy
-
- d
- Daty biograficzne (NP)
- (1951- ).
-
- e
- Określenie rodzaju współpracy
- Red.
-
|
|
700 -Hasło dodatkowe - nazwa osobowa [1, ]
|
-
- a
- Nazwa osobowa (NP)
- Gnela, Bogusława.
-
|
|
700 -Hasło dodatkowe - nazwa osobowa [1, ]
|
-
- a
- Nazwa osobowa (NP)
- Mostowik, Piotr
-
- d
- Daty biograficzne (NP)
- (1975- ).
-
|
|
700 -Hasło dodatkowe - nazwa osobowa [1, ]
|
-
- a
- Nazwa osobowa (NP)
- Nowicka, Aurelia.
-
|
|
700 -Hasło dodatkowe - nazwa osobowa [1, ]
|
-
- a
- Nazwa osobowa (NP)
- Opalski, Adam.
-
|
|
700 -Hasło dodatkowe - nazwa osobowa [1, ]
|
-
- a
- Nazwa osobowa (NP)
- Pazdan, Jadwiga
-
- d
- Daty biograficzne (NP)
- (1950- ).
-
|
|
700 -Hasło dodatkowe - nazwa osobowa [1, ]
|
-
- a
- Nazwa osobowa (NP)
- Pietrzykowski, Krzysztof
-
- d
- Daty biograficzne (NP)
- (1953- ).
-
|
|
700 -Hasło dodatkowe - nazwa osobowa [1, ]
|
-
- a
- Nazwa osobowa (NP)
- Pilich, Mateusz.
-
|
|
700 -Hasło dodatkowe - nazwa osobowa [1, ]
|
-
- a
- Nazwa osobowa (NP)
- Rycko, Nikodem
-
- d
- Daty biograficzne (NP)
- (1985- ).
-
|
|
700 -Hasło dodatkowe - nazwa osobowa [1, ]
|
-
- a
- Nazwa osobowa (NP)
- Tomaszewski, Maciej
-
- d
- Daty biograficzne (NP)
- (1941- ).
-
|
|
700 -Hasło dodatkowe - nazwa osobowa [1, ]
|
-
- a
- Nazwa osobowa (NP)
- Wiśniewski, Andrzej Władysław
-
- d
- Daty biograficzne (NP)
- (1950- ).
-
|
|
710 -Hasło dodatkowe - nazwa ciała zbiorowego [2, ]
|
-
- a
- Nazwa ciała zbiorowego lub nazwa geograficzna jako pierwszy element (NP)
- Wolters Kluwer Polska.
-
-
|